000 00316 a2200157 4500
001 177624
020 _a
040 _cMagnum
100 _aBonaldo,nadia
240 1 0 _aA noite de natal
_lpor
245 1 0 _aA noite de natal
362 0 _a1899
440 1 _aPaulinas
697 _aMAGNITO: I/CONTO
942 _cBK
999 _c177624
_d177624